000 00328nam a2200121Ia 4500
008 190802s9999 xx 000 0 und d
020 _a978-93-84323-21-9
100 _aPeter Linz
245 3 _aAn Introduction to Formal languages and Automata
260 _aNew Delhi
_bJones and Bartlett
_c2017
300 _a448:p
942 _cBK
999 _c2184
_d2184